Star Wars de A à Z - Statistiques

Statistiques générales
  • Ce quiz a été pris 58 fois
  • Le résultat moyen est 3 sur 26
Statistiques - réponses
Lettre Indice Réponse % Correct
B Fils de Luke Skywalker Ben Skywalker
100%
X Célèbre chasseur de l'alliance rebelle X-wing
36%
W Créature vivant sur Hoth, ayant essayé de dévorer Luke Wampa
23%
M Autre Main, mère de la réponse 2 Mara Jade
20%
A Entité du Côté Obscur Abeloth
14%
J Fille de Han Solo et Leia Organa Jaina Solo
9%
U Nom donné au Mandalore à l'origine des guerres mandaloriennes Ultime
9%
Y Envahisseurs extra-galactiques, utilisent uniquement la bio-technologie Yuuzhan Vong
9%
F Patrouilleur produit sur Kuat, le Slave I en est le seul exemplaire restant Firespray
7%
I Planète d'origine d'Eeth Koth Iridonia
7%
O Nom du clan auquel appartient Canderous Ordo
7%
Z Entité planétaire vivante Zonama Sekot
7%
C Apprentie de Darth Zannah Cognus
5%
E Cargo ayant appartenu à Davik Kang, puis utilisé par les protagonistes des jeux KotOR 1 et 2 Ebon Hawk
5%
H Consortium dirigé uniquement par des femmes Hapès
5%
K Chevalier Jedi, protagoniste du roman Chevalier Errant Kerra Holt
5%
L Ancienne Main de l'Empereur, Dame Noire de Sith Lumiya
5%
Q Classe de transporteur de chasseurs impérial Quasar Fire
5%
S Nom de famille de l'Exilée Surik
5%
T Fidèle compagnon mécanique de Revan T3-M4
5%
V Espèce insectoïde habitant sur la planète Roche Verpine
5%
D Vaisseau emblématique de la flotte hapienne Dragon
2%
G Autre nom du Nid Obscur Gorog
2%
N Mando'a pour "Fais plus d'efforts !" Nar dral'shya !
2%
P Nom du superdestroyer du seigneur de guerre Zsinj Poing d'Acier
2%
R Matricule du clone commando surnommé "Boss" RC-1138
2%
Aucun quiz correspondant
Distribution des résultats
% des personnes avec chaque résultat
Percentile par nombre de réponses
Votre historique - résultats
Vous n’avez pas pris ce quiz